<?xml version="1.0" encoding="UTF-8"?>
<record
    xmlns:xsi="http://www.w3.org/2001/XMLSchema-instance"
    xsi:schemaLocation="http://www.loc.gov/MARC21/slim http://www.loc.gov/standards/marcxml/schema/MARC21slim.xsd"
    xmlns="http://www.loc.gov/MARC21/slim">

  <leader>01654cam a22003015a 4500</leader>
  <controlfield tag="001">17915720</controlfield>
  <controlfield tag="005">20201128021337.0</controlfield>
  <controlfield tag="008">131023t2014    flua   frb    001 0 eng d</controlfield>
  <datafield tag="020" ind1=" " ind2=" ">
    <subfield code="a">9781466569171 (hardback  : alk. paper)</subfield>
  </datafield>
  <datafield tag="040" ind1=" " ind2=" ">
    <subfield code="a">DLC</subfield>
    <subfield code="b">eng</subfield>
    <subfield code="c">DLC</subfield>
    <subfield code="d">DLC</subfield>
    <subfield code="d">EG-ScBUE</subfield>
  </datafield>
  <datafield tag="082" ind1="0" ind2="4">
    <subfield code="a">004.6782</subfield>
    <subfield code="2">22</subfield>
    <subfield code="b">CLO</subfield>
  </datafield>
  <datafield tag="245" ind1="0" ind2="0">
    <subfield code="a">Cloud computing and digital media :</subfield>
    <subfield code="b">fundamentals, techniques, and applications /</subfield>
    <subfield code="c">edited by Kuan-Ching Li, Qing Li and Timothy K. Shih.</subfield>
  </datafield>
  <datafield tag="260" ind1=" " ind2=" ">
    <subfield code="a">Boca Raton :</subfield>
    <subfield code="b">CRC Press / Taylor &amp; Francis Group,</subfield>
    <subfield code="c">c.2014.</subfield>
  </datafield>
  <datafield tag="300" ind1=" " ind2=" ">
    <subfield code="a">xxii, 401 p. :</subfield>
    <subfield code="b">ill. ;</subfield>
    <subfield code="c">25 cm.</subfield>
  </datafield>
  <datafield tag="500" ind1=" " ind2=" ">
    <subfield code="a">"A Chapman &amp; Hall book."</subfield>
  </datafield>
  <datafield tag="500" ind1=" " ind2=" ">
    <subfield code="a">Index : p. 393-401.</subfield>
  </datafield>
  <datafield tag="504" ind1=" " ind2=" ">
    <subfield code="a">Includes bibliographical references.</subfield>
  </datafield>
  <datafield tag="520" ind1=" " ind2=" ">
    <subfield code="a">"While some related books cover separate aspects of digital media and cloud computing, none integrate both of these areas together. Bridging the gap between digital media and cloud computing, this book brings together technologies for media/data communication, elastic media/data storage, security, authentication, cross-network media/data fusion, inter-device media interaction/reaction, data centers, platform as a service (PaaS), and software as a service (SaaS). The book also covers interesting applications involving digital media in the cloud. "--</subfield>
  </datafield>
  <datafield tag="650" ind1=" " ind2="7">
    <subfield code="a">Cloud computing.</subfield>
    <subfield code="2">BUEsh</subfield>
    <subfield code="9">37309</subfield>
  </datafield>
  <datafield tag="650" ind1=" " ind2="7">
    <subfield code="a"> Digital communications.</subfield>
    <subfield code="2">BUEsh</subfield>
    <subfield code="9">1260</subfield>
  </datafield>
  <datafield tag="650" ind1=" " ind2="0">
    <subfield code="a">Computer storage devices.</subfield>
    <subfield code="2">BUEsh</subfield>
    <subfield code="9">23477</subfield>
  </datafield>
  <datafield tag="651" ind1=" " ind2=" ">
    <subfield code="2">BUEsh</subfield>
  </datafield>
  <datafield tag="653" ind1=" " ind2=" ">
    <subfield code="b">COMSCI</subfield>
    <subfield code="c">June2015</subfield>
    <subfield code="c">October2015</subfield>
  </datafield>
  <datafield tag="700" ind1="1" ind2=" ">
    <subfield code="a">Li, Kuan-Ching,</subfield>
    <subfield code="e">editor.</subfield>
  </datafield>
  <datafield tag="700" ind1="1" ind2=" ">
    <subfield code="a">Li, Qing,</subfield>
    <subfield code="d"> 1971-</subfield>
    <subfield code="e">editor.</subfield>
  </datafield>
  <datafield tag="700" ind1="1" ind2=" ">
    <subfield code="a">Shih, Timothy K.,</subfield>
    <subfield code="d">1961-</subfield>
    <subfield code="e">editor.</subfield>
    <subfield code="9">28986</subfield>
  </datafield>
  <datafield tag="942" ind1=" " ind2=" ">
    <subfield code="2">ddc</subfield>
  </datafield>
  <datafield tag="999" ind1=" " ind2=" ">
    <subfield code="c">19890</subfield>
    <subfield code="d">19862</subfield>
  </datafield>
  <datafield tag="952" ind1=" " ind2=" ">
    <subfield code="0">0</subfield>
    <subfield code="1">0</subfield>
    <subfield code="2">ddc</subfield>
    <subfield code="4">0</subfield>
    <subfield code="7">0</subfield>
    <subfield code="8">Alahram</subfield>
    <subfield code="a">MAIN</subfield>
    <subfield code="b">MAIN</subfield>
    <subfield code="c">LOW</subfield>
    <subfield code="d">2015-06-24</subfield>
    <subfield code="e">Purchase</subfield>
    <subfield code="g">652.00</subfield>
    <subfield code="h">312</subfield>
    <subfield code="l">0</subfield>
    <subfield code="o">004.6782 CLO</subfield>
    <subfield code="p">000039108</subfield>
    <subfield code="r">2025-07-15 00:00:00</subfield>
    <subfield code="v">815.00</subfield>
    <subfield code="y">BB</subfield>
  </datafield>
</record>
